000 00465nam a2200181Ia 4500
005 20250508150548.0
008 008 250505s9999 xx 000 0 eng d
037 _aTextual
040 _aFEDL
_beng
_cFEDL
041 _aeng
_2eng
084 _a371.425, MCQ
_qFEDL
100 _aMcQueen H C
_9756220
245 0 _aVocations for maori youth
260 _c1945
300 _avi,186p.
942 _cTEXL
_h371.425, MCQ
999 _c1324277
_d1324277